| 000 | 01022nam a2200241 a 4500 | ||
|---|---|---|---|
| 001 | 000000451 | ||
| 005 | 20260116073830.0 | ||
| 008 | 081112s2007 dr a 000 0 spa d | ||
| 020 | _a9789945160987 | ||
| 020 | _a9945160982 | ||
| 040 |
_aDO-SdBNP _bspa _cBNPHU |
||
| 082 |
_a178.1 _bG633p |
||
| 100 | 1 |
_aGómez, José Miguel _9380 |
|
| 245 | 1 | 0 |
_aPersonas con anclas / _cJosé Miguel Gómez ; diseño Alexandra Deschamps. |
| 260 |
_aSanto Domingo : _bBúho, _c2007. |
||
| 300 |
_a229 p. : _bil. ; _c22 cm. |
||
| 504 | _aBibliografía :p. 227-229 | ||
| 505 | 1 | _aIntroducción -- Prólogo -- Tema I. Personas emocionalmente sanas -- Tema II. Personas disfuncionales y desadaptadas -- Tema III. Jóvenes saludables -- Tema IV. Temas de parejas -- Tema V. Personas sin anclas -- Tema VI. Familias ancladas -- Tema VII. Temas de salud mental -- Tema VIII. La patología social. | |
| 650 | 0 |
_aSalud mental _9803 |
|
| 650 | 0 |
_aAutoestima _9212 |
|
| 650 | 0 |
_aActitud (Psicología) _9852 |
|
| 700 | 1 |
_aDeschamps, Alexandra _91503 |
|
| 999 |
_c449 _d449 |
||